Представление документа в формате MARC21

Поле Инд. ПП Название Значение
Тип записи a
Библиографический уровень b
001 Контрольный номер RU/IS/BASE/126982986
005 Дата корректировки 20200601191510.7
084 a Индекс другой классификации/Индекс ББК 88.572; 88.1(0)6; 66.06
100 1_ a Автор Самсонова Т. Н.
245 a Заглавие К истории становления политического психоанализа
504 a Библиография Библиогр. ссылки
650 a Основная рубрика история психологии
a Основная рубрика политика
a Основная рубрика политическая психология
a Основная рубрика политология
a Основная рубрика психология
a Основная рубрика социальная психология
653 a Ключевые слова XX век
a Ключевые слова политические лидеры
a Ключевые слова политические феномены
a Ключевые слова политический человек
a Ключевые слова психоанализ
a Ключевые слова психоаналитические исследования
a Ключевые слова теория политического лидерства
773 t Заглавие источника Вестник Московского университета. Серия 18, Социология и политология
d Дата издания источника 2001
g Прочая информация № 2. - С. 15 - 29
w Контрольный № источника RU/IS/BASE/148578705
901 t Тип документа b